书目信息 |
| 题名: |
谈古论今话鹰城
|
|
| 作者: | 杨晓宇 著 | |
| 分册: | ||
| 出版信息: | 郑州 中州古籍出版社 2007.03 |
|
| 页数: | 288页 | |
| 开本: | 20cm | |
| 丛书名: | ||
| 单 册: | ||
| 中图分类: | K296.1-51 | |
| 科图分类: | ||
| 主题词: | 中国--地方史 , 中国--地方志 | |
| 电子资源: | ||
| ISBN: | 7-5348-1407-3 | |
| 000 | 00572nam0 2200205 450 | |
| 001 | 0849305982 | |
| 005 | 20211025101839.73 | |
| 010 | @a7-5348-1407-3@dCNY30.00 | |
| 100 | @a20080118d2007 km y0chiy0120 ea | |
| 101 | 0 | @achi |
| 102 | @aCN@b410000 | |
| 200 | 1 | @a谈古论今话鹰城@Atan gu lun jin hua ying cheng@f杨晓宇著@Fyang xiao yu zhu |
| 210 | @a郑州@c中州古籍出版社@d2007.03 | |
| 215 | @a288页@d20cm | |
| 606 | 0 | @a中国@x地方史 |
| 606 | 0 | @a中国@x地方志 |
| 690 | @aK296.1-51@v4 | |
| 701 | 0 | @a杨晓宇@Ayang xiao yu@4著 |
| 801 | 0 | @aCN@c20080118 |
| 905 | @dK296.1-51@eY300 | |
| 谈古论今话鹰城/杨晓宇著.-郑州:中州古籍出版社,2007.03 |
| 288页;20cm |
| ISBN 7-5348-1407-3:CNY30.00 |
| ● |
| 相关链接 |
|
|
|
正题名:谈古论今话鹰城
索取号:K296.1-51/Y300
 
预约/预借
| 序号 | 登录号 | 条形码 | 馆藏地/架位号 | 状态 | 备注 |
| 1 | 478190 | 204781904 | 特藏库/ [索取号:K296.1-51/Y300] | 在馆 | |
| 2 | 478191 | 204781913 | 自科二线404/309社科库 42排6列6层/ [索取号:K296.1-51/Y300] | 在馆 | |
| 3 | 478192 | 204781922 | 社科库309/309社科库 39排2列3层/ [索取号:K296.1-51/Y300] | 在馆 | |
| 4 | 478193 | 204781931 | 特藏库/ [索取号:K296.1-51/Y300] | 在馆 | |
| 5 | 478194 | 204781940 | 社科库309/309社科库 39排2列3层/ [索取号:K296.1-51/Y300] | 在馆 | |
| 6 | 478195 | 204781959 | 自科二线404/309社科库 42排6列6层/ [索取号:K296.1-51/Y300] | 在馆 | |
| 7 | 478196 | 204781968 | 社科库309/309社科库 39排2列3层/ [索取号:K296.1-51/Y300] | 在馆 | |
| 8 | 478197 | 204781977 | 自科二线404/309社科库 42排6列6层/ [索取号:K296.1-51/Y300] | 在馆 | |
| 9 | 478198 | 204781986 | 自科二线404/309社科库 42排6列6层/ [索取号:K296.1-51/Y300] | 在馆 | |
| 10 | 478199 | 204781995 | 自科二线404/309社科库 42排6列6层/ [索取号:K296.1-51/Y300] | 在馆 |